000 01528nam a22002057a 4500
999 _c59698
_d59698
003 Ge_BSU
005 20230404101009.0
008 230404s1972 ge ||||| |||| 00| 0 geo d
041 _ageo
080 _a739.5(479.22)+39(=353.1)+903.05(479.22) ხ-52
100 _aხიდაშელი, მანანა
_910461
245 _aბრინჯაოს მხატვრული დამუშავების ისტორიისათვის ანტიკურ საქართველოში (ბრინჯაოს ქართული ჭვირულგამოსახულებიანი ბილეთები) :
_bგამოკვლევა და კატალოგი /
_cმანანა ხიდაშელი ; ისტორიის, არქეოლოგიისა და ეთნოგრაფიის ინ-ტი.
264 _aთბილისი :
_bმეცნიერება,
_c1972.
300 _a120 გვ. :
_b10 ფ. ილ. ;
_c29 სმ.
653 _aბრინჯაოს მხატვრული დამუშავება
653 _aქართველების ეთნოგრაფია. საქართველოს არქეოლოგიური ძეგლები
653 _aარქეოლოგია
710 _aისტორიის, არქეოლოგიისა და ეთნოგრაფიის ინსტიტუტი.
_917451
942 _2udc
_cBK